000
00298nam a2200109Ia 4500
008
190216s9999||||xx |||||||||||||| ||und||
100
_a
Janardhanapillai
245
0
_a
Trignometric Calculus Analytic Geometry And Vector Analysis
260
_b
Ajith Book Center
650
_a
Mathematics
942
_c
BK
999
_c
30663
_d
30663